Guidance note on the construction products regulation (Record no. 114172)

MARC details
000 -LEADER
fixed length control field 01981cad a22002655a 4500
001 - CONTROL NUMBER
control field L156306
008 - FIXED-LENGTH DATA ELEMENTS--GENERAL INFORMATION
fixed length control field 120511s2012 xxk f 000 0 eng d
035 ## - SYSTEM CONTROL NUMBER
System control number (Sirsi) u156306
041 0# - LANGUAGE CODE
Language code of text/sound track or separate title eng
110 2# - MAIN ENTRY--CORPORATE NAME
Corporate name or jurisdiction name as entry element Construction Products Association
9 (RLIN) 4104
245 00 - TITLE STATEMENT
Title Guidance note on the construction products regulation
Medium [electronic resource]
260 ## - PUBLICATION, DISTRIBUTION, ETC.
Place of publication, distribution, etc. London
Name of publisher, distributor, etc. Construction Products Association
Date of publication, distribution, etc. 2012
490 #0 - SERIES STATEMENT
Series statement Version 1
Volume/sequential designation April 2012
520 ## - SUMMARY, ETC.
Summary, etc. The construction industry is facing the most significant change for a decade in the way in which construction products are sold in Europe. From 1 July 2013, under the Construction Products Regulation 20111 (CPR), it will become mandatory for manufacturers to apply CE marking to any of their products which are covered by a harmonised European standard (hEN) or European Technical Assessment (ETA). This is a major change as affixing of CE marking under the provisions of the existing Construction Products Directive (CPD) is currently voluntary in the UK. For those already CE marking under the CPD the transition should be straightforward. This publication is intended as a guide to the implications of CE marking under the CPR for manufacturers, importers, distributors, specifiers, certification and test bodies, and regulatory/enforcement authorities. The Regulation is directly applicable in UK law and neither this guide nor its authors purport to offer any definitive legal interpretations.
590 ## - LOCAL NOTE (RLIN)
Local note KA NTK
651 #4 - SUBJECT ADDED ENTRY--GEOGRAPHIC NAME
Geographic name United Kingdom
651 #4 - SUBJECT ADDED ENTRY--GEOGRAPHIC NAME
Geographic name Europe
690 ## - LOCAL SUBJECT ADDED ENTRY--TOPICAL TERM (OCLC, RLIN)
Topical term or geographic name as entry element Construction management
9 (RLIN) 6230
690 ## - LOCAL SUBJECT ADDED ENTRY--TOPICAL TERM (OCLC, RLIN)
Topical term or geographic name as entry element Building materials and defects
710 1# - ADDED ENTRY--CORPORATE NAME
Corporate name or jurisdiction name as entry element British Board of Agrément
9 (RLIN) 1555
710 1# - ADDED ENTRY--CORPORATE NAME
Corporate name or jurisdiction name as entry element British Standards Institution
9 (RLIN) 130
710 1# - ADDED ENTRY--CORPORATE NAME
Corporate name or jurisdiction name as entry element FBE Management Limited
856 40 - ELECTRONIC LOCATION AND ACCESS
Uniform Resource Identifier <a href="https://www.constructionproducts.org.uk/publications/industry-affairs/display/view/construction-products-regulation">https://www.constructionproducts.org.uk/publications/industry-affairs/display/view/construction-products-regulation</a>
Public note View the guidance note free of charge at www.constructionproducts.org.uk
942 ## - ADDED ENTRY ELEMENTS (KOHA)
Suppress in OPAC 0
Holdings
Withdrawn status Lost status Source of classification or shelving scheme Damaged status Not for loan Home library Current library Shelving location Date acquired Total Checkouts Full call number Barcode Date last seen Copy number Price effective from Koha item type
    Dewey Decimal Classification     Virtual Virtual Online 11/05/2012   ONLINE PUBLICATION 156306-2001 06/08/2019 1 06/08/2019 Book